| 000 -LEADER |
| fixed length control field |
01562nam a2200241Ia 4500 |
| 001 - CONTROL NUMBER |
| control field |
896 |
| 003 - CONTROL NUMBER IDENTIFIER |
| control field |
GE_BSU |
| 005 - DATE AND TIME OF LATEST TRANSACTION |
| control field |
20220504130017.0 |
| 008 - FIXED-LENGTH DATA ELEMENTS--GENERAL INFORMATION |
| fixed length control field |
181216s1992||||rus|||||||||||||| ||ru || |
| 040 ## - CATALOGING SOURCE |
| Transcribing agency |
GE_BSU |
| 080 ## - UNIVERSAL DECIMAL CLASSIFICATION NUMBER |
| Universal Decimal Classification number |
821.353.1.09+ 821.161.09 Г-90 |
| 245 ## - TITLE STATEMENT |
| Title |
Грузинская и русская средневековые литературы = შუა საუკუნეების ქართული და რუსული ლიტერატურა. |
| Statement of responsibility, etc. |
Ответственный редактор: Л.В. Менабде; Тбилисский государственный университет, Институт русской литературы,Пушкинский дом. |
| 264 ## - PRODUCTION, PUBLICATION, DISTRIBUTION, MANUFACTURE, AND COPYRIGHT NOTICE |
| Place of production, publication, distribution, manufacture |
Тбилиси : |
| Name of producer, publisher, distributor, manufacturer |
ТГУ, |
| Date of production, publication, distribution, manufacture, or copyright notice |
1992. |
| 300 ## - PHYSICAL DESCRIPTION |
| Extent |
387 с.: |
| Other physical details |
ил. ; |
| Dimensions |
22 см. |
| 522 ## - GEOGRAPHIC COVERAGE NOTE |
| Geographic coverage note |
Библиогр. в примеч. в конце ст. |
| 522 ## - GEOGRAPHIC COVERAGE NOTE |
| Geographic coverage note |
Библиогр.: Памятники древнегруз. лит. в рус. пер. и русскоязыч. исслед. / Сост. Алибегашвили Г.Г. и др.: с. 248-360. |
| 653 ## - INDEX TERM--UNCONTROLLED |
| keyword |
Грузинская литература |
| 653 ## - INDEX TERM--UNCONTROLLED |
| keyword |
Русская литература |
| 653 ## - INDEX TERM--UNCONTROLLED |
| keyword |
ძველი ქართული ლიტერატურის ისტორია და კრიტიკა. |
| 653 ## - INDEX TERM--UNCONTROLLED |
| keyword |
ძველი რუსული ლიტერატურის ისტორია და კრიტიკა. |
| 700 ## - ADDED ENTRY--PERSONAL NAME |
| Personal name |
Менабде, Л.В |
| Relator term |
რედაქტორი |
| 9 (RLIN) |
13705 |
| 942 ## - ADDED ENTRY ELEMENTS (KOHA) |
| Koha item type |
წიგნი |
| Source of classification or shelving scheme |
|